Catalog

Record Details

Catalog Search



Forever lost  Cover Image Book Book

Forever lost / Franklin W. Dixon.

Dixon, Franklin W. (Author).

Summary:

Frank Hardy has been located. The victims in the past seemed to have been children only, but since Frank was taken, who knows if anyone is safe? Everyone is now a suspect, even Frank.

Record details

  • ISBN: 9781442402645
  • ISBN: 1442402644
  • Physical Description: 153 p. ; 20 cm.
  • Edition: 1st Aladdin pbk. ed.
  • Publisher: New York : Aladdin, 2011.

Content descriptions

Target Audience Note:
008-012.
Subject: Hardy Boys (Fictitious characters) > Juvenile fiction.
Missing persons > Juvenile fiction.
Brothers > Juvenile fiction.
Camping > Juvenile fiction.
Parks > Idaho > Juvenile fiction.
Idaho > Juvenile fiction.
Genre: Mystery fiction.

LDR 01398cam a2200361Ia 4500
001136651
003CONS
00520160330115911.0
008100301s2011 nyu j 000 1 eng d
010 . ‡a 2010933168
020 . ‡a9781442402645
020 . ‡a1442402644
035 . ‡a(CPomAG)LMN564575
050 4. ‡aPZ7.D644 ‡bFor 2011
08204. ‡a[Fic] ‡222
1001 . ‡aDixon, Franklin W.
24510. ‡aForever lost / ‡cFranklin W. Dixon.
250 . ‡a1st Aladdin pbk. ed.
260 . ‡aNew York : ‡bAladdin, ‡c2011.
300 . ‡a153 p. ; ‡c20 cm.
520 . ‡aFrank Hardy has been located. The victims in the past seemed to have been children only, but since Frank was taken, who knows if anyone is safe? Everyone is now a suspect, even Frank.
5211 . ‡a008-012.
650 0. ‡aHardy Boys (Fictitious characters) ‡vJuvenile fiction.
650 0. ‡aMissing persons ‡vJuvenile fiction.
650 0. ‡aBrothers ‡vJuvenile fiction.
650 0. ‡aCamping ‡vJuvenile fiction.
650 0. ‡aParks ‡zIdaho ‡vJuvenile fiction.
651 0. ‡aIdaho ‡vJuvenile fiction.
655 7. ‡aMystery fiction. ‡2gsafd
8001 . ‡aDixon, Franklin W. ‡tHardy boys undercover brothers ; ‡v#36.
8001 . ‡aDixon, Franklin W. ‡tLost mystery trilogy ; ‡v3.
959 . ‡i32269000929615 ‡lJF Dix ‡aJuvenile - Fiction ‡tJuv Fiction ‡g16.00
852 . ‡p32269000929615 ‡jJF Dix ‡gJuvenile - Fiction ‡cJuv Fiction ‡y16.00 ‡bSBPL
901 . ‡a136651 ‡bUnknown ‡c136651 ‡tbiblio

Additional Resources